Bài tập đại số đại cương
Tóm tắt lý thuyết và các đề toán về tập hợp, ánh xạ, quan hệ, nửa nhóm và nhóm, vành và trường, vành đa thức, đa thức trên các trường số, lời giải và hướng dẫn
Tallennettuna:
| Päätekijä: | |
|---|---|
| Aineistotyyppi: | Kirja |
| Kieli: | Undetermined |
| Julkaistu: |
Hà Nội
Giáo Dục
1998
|
| Aiheet: | |
| Tagit: |
Lisää tagi
Ei tageja, Lisää ensimmäinen tagi!
|
| Thư viện lưu trữ: | Trung tâm Học liệu Trường Đại học Cần Thơ |
|---|
| LEADER | 00867nam a2200205Ia 4500 | ||
|---|---|---|---|
| 001 | CTU_31165 | ||
| 008 | 210402s9999 xx 000 0 und d | ||
| 082 | |a 512.0076 | ||
| 082 | |b Qu106 | ||
| 100 | |a Mỵ, Vinh Quang | ||
| 245 | 0 | |a Bài tập đại số đại cương | |
| 245 | 0 | |c Mỵ Vinh Quang | |
| 260 | |a Hà Nội | ||
| 260 | |b Giáo Dục | ||
| 260 | |c 1998 | ||
| 520 | |a Tóm tắt lý thuyết và các đề toán về tập hợp, ánh xạ, quan hệ, nửa nhóm và nhóm, vành và trường, vành đa thức, đa thức trên các trường số, lời giải và hướng dẫn | ||
| 650 | |a Algebra, abstract,Algebraic fields,Combinations,Group theory | ||
| 650 | |x Problems, exercises, etc | ||
| 904 | |i Trọng Hải | ||
| 980 | |a Trung tâm Học liệu Trường Đại học Cần Thơ | ||